000 00461nam a2200181Ia 4500
001 25087
005 20260414151126.0
008 260414t2019||||xx |||||||||||||| ||spa||
041 _aESP
082 _a346.2
_bB26
100 _aBasset, Úrsula,
_eAUT
245 0 _aDerecho de familia y personas :
_bamilia, mujer, niñez y violencia
260 _c2019
300 _a676 páginas :
_c24 cm.
650 _aDER
654 _aCDE
942 _cLIB
_dJUS
_fJUS
_2ddc
_n
999 _c25087
_d25087